000 00241nam a22001217a 4500
003 SGT
082 _a370
_bWBI
100 _aWBI
245 _aCHILD CRAFT
260 _aLONDON
_bWORLD BOOKS INT
_c1996
300 _a153
942 _2ddc
_cBK
_03
999 _c17600
_d17600